000 00236nam a2200097Ia 4500
001 682737
005 20250826161424.0
008 250824s9999 xx 000 0 und d
245 0 _aAŞKI MEMNU
_cHALİT ZİYA UŞAKLIGİL
260 _bEVEREST
999 _c682737
_d682737